|
|
|
|
| LEADER |
00000nab a2200000 a 4500 |
| 001 |
vtls000118351 |
| 003 |
SK-MaSNL |
| 005 |
20260304074052.0 |
| 008 |
250422c1982 xo 0 slo |
| 015 |
|
|
|a SNBRB19rr/mm-uuuuu
|
| 035 |
|
|
|a CL0128456
|
| 035 |
|
|
|a (urnnbn)urn:nbn:sk:snk:ar-006mux
|
| 035 |
|
|
|a (uuid)0c05f1ec-244b-4413-8e8c-b6ee5edbbffc
|
| 035 |
|
|
|a urn:nbn:sk:snk-ab86i3
|
| 040 |
|
|
|a SNKBUCL
|b slo
|c SNKBUCL
|e AACR2
|
| 041 |
0 |
|
|a eng
|
| 044 |
|
|
|a xo
|c SK
|
| 080 |
|
|
|a 616.4
|2 1981
|
| 080 |
|
|
|a 618.4
|2 1981
|
| 080 |
|
|
|a 615.3
|2 1981
|
| 080 |
|
|
|a 577
|2 1981
|
| 245 |
0 |
0 |
|a Exchange Transfusion in Newborns: Rapid Fall of Plasma Thyroid Hormones and Attenuated TSH Response up to 48 Hours
|c V. Štrbák ... [et al.]
|
| 650 |
0 |
7 |
|a žľaza štítna
|2 snkbucl
|9 923249
|
| 650 |
0 |
7 |
|a novorodenci
|2 snkbucl
|9 1225
|
| 650 |
0 |
7 |
|a hormóny
|2 snkbucl
|9 17006
|
| 655 |
|
7 |
|a články z novín a časopisov
|2 snkbucl
|9 267496
|
| 700 |
1 |
|
|a Štrbák, Vladimír,
|d 1943-
|4 aut
|9 183911
|
| 700 |
1 |
|
|a Huttová, Mária,
|d 1933-
|4 aut
|9 118461
|
| 700 |
1 |
|
|a Földes, O.
|4 aut
|9 796950
|
| 700 |
1 |
|
|a Alexandrová, M.
|4 aut
|9 268034
|
| 700 |
1 |
|
|a Macho, Ladislav,
|d 1930-2024
|4 aut
|9 118281
|
| 700 |
1 |
|
|a Ondrejková, V.
|4 aut
|9 1363287
|
| 700 |
1 |
|
|a Rusnák, M.
|4 aut
|9 642774
|
| 773 |
0 |
|
|t Endocrinologia experimentalis
|g Roč. 16, č. 1 (1982), s. 33-42
|
| 850 |
|
|
|a Slovenská národná knižnica
|
| 852 |
|
|
|a Slovenská národná knižnica
|
| 958 |
|
|
|a article9
|
| 958 |
|
|
|a RK
|
| 958 |
|
|
|a OND
|
| 958 |
|
|
|a EUIPO
|
| 992 |
|
|
|a RBX
|
| 999 |
|
|
|c 2774512
|d 2776442
|